000 00443nam a2200169Ia 4500
008 210210b1998 xxu||||| |||| 00| 0 eng d
020 _a81 900953 0 7
082 _a820.13 BARP
100 _aBARTLE (Rajarajeswari).
245 _aPoetic outflow. Part 1.
250 _a
260 _aNew Delhi.
_bOcean papers & printers,
_c1998
300 _a112
650 _aThemes, Poems, Poetry
690 _aIndian English Poetry
906 _a056270
999 _c103651
_d103651